00751nam a2200157 a 450000100100000000500170001000800410002704000250006811000610009324501610015426000630031530000210037804900090039995201680040899900170057600003232720200930065601.0110714s1920 dr 000 0 spa d aDO-SdBNPbspacBNPHU1 aRepública DominicanabFomento y Comunicanciones95833810aMemoria que al jefe del gobierno militar de la República Dominicana presenta el oficial encargado del departamento de Fomento y Comunicanciones 1918-1919. aSanto Domingo :bImp.El Progreso Quirico y Sanabia,c1920. a102 p. ;c27 cm. aBNPD 0010507-18RVaPDbPDcOId2011-07-14iLF1l0o p32327-10r2020-06-25w2020-06-25y1zPerteneció a la biblioteca personal de Julio Ortega Frier.ZNo se presta c31818d31818